Qui a composé cette œuvre "classique" ? Aléatoire - Statistiques

Statistiques générales
  • Ce quiz a été pris 578 fois
  • Le résultat moyen est 9 sur 20
Statistiques - réponses
Qui a composé cette oeuvre ? Oeuvre Compositeur % Correct
Qui a composé cette oeuvre ? Le Prince Igor Alexandre Borodine
100%
Qui a composé cette oeuvre ? Quatuor à cordes n° 12 "Américain" Antonín Dvořák
100%
Qui a composé cette oeuvre ? Symphonie n° 9 "du Nouveau Monde" Antonín Dvořák
100%
Qui a composé cette oeuvre ? Danses slaves Antonín Dvořák
100%
Qui a composé cette oeuvre ? Symphonie n° 9 "du Nouveau Monde" Antonín Dvořák
100%
Qui a composé cette oeuvre ? Les Quatre Saisons Antonio Vivaldi
100%
Qui a composé cette oeuvre ? Les Quatre Saisons Antonio Vivaldi
100%
Qui a composé cette oeuvre ? Les Quatre Saisons Antonio Vivaldi
100%
Qui a composé cette oeuvre ? Les Quatre Saisons Antonio Vivaldi
100%
Qui a composé cette oeuvre ? Les Quatre Saisons Antonio Vivaldi
100%
Qui a composé cette oeuvre ? Les Quatre Saisons Antonio Vivaldi
100%
Qui a composé cette oeuvre ? Les Quatre Saisons Antonio Vivaldi
100%
Qui a composé cette oeuvre ? Gayaneh Aram Khatchatourian
100%
Qui a composé cette oeuvre ? La Moldau Bedřich Smetana
100%
Qui a composé cette oeuvre ? Le Carnaval des animaux Camille Saint-Saëns
100%
Qui a composé cette oeuvre ? Danse macabre Camille Saint-Saëns
100%
Qui a composé cette oeuvre ? Danse macabre Camille Saint-Saëns
100%
Qui a composé cette oeuvre ? Danse macabre Camille Saint-Saëns
100%
Qui a composé cette oeuvre ? Le Carnaval des animaux Camille Saint-Saëns
100%
Qui a composé cette oeuvre ? Le Carnaval des animaux Camille Saint-Saëns
100%
Qui a composé cette oeuvre ? Le Carnaval des animaux Camille Saint-Saëns
100%
Qui a composé cette oeuvre ? Danse macabre Camille Saint-Saëns
100%
Qui a composé cette oeuvre ? Le Carnaval des animaux Camille Saint-Saëns
100%
Qui a composé cette oeuvre ? La Mer Claude Debussy
100%
Qui a composé cette oeuvre ? La Mer Claude Debussy
100%
Qui a composé cette oeuvre ? La Mer Claude Debussy
100%
Qui a composé cette oeuvre ? La Mer Claude Debussy
100%
Qui a composé cette oeuvre ? Vêpres de la Vierge Claudio Monteverdi
100%
Qui a composé cette oeuvre ? Peer Gynt Edvard Grieg
100%
Qui a composé cette oeuvre ? Peer Gynt Edvard Grieg
100%
Qui a composé cette oeuvre ? Peer Gynt Edvard Grieg
100%
Qui a composé cette oeuvre ? Marches "Pomp and Circumstance" Edward Elgar
100%
Qui a composé cette oeuvre ? Marches "Pomp and Circumstance" Edward Elgar
100%
Qui a composé cette oeuvre ? 3 Gymnopédies Erik Satie
100%
Qui a composé cette oeuvre ? 3 Gymnopédies Erik Satie
100%
Qui a composé cette oeuvre ? 3 Gymnopédies Erik Satie
100%
Qui a composé cette oeuvre ? 3 Gymnopédies Erik Satie
100%
Qui a composé cette oeuvre ? Romances sans paroles Felix Mendelssohn
100%
Qui a composé cette oeuvre ? Rhapsodies hongroises Franz Liszt
100%
Qui a composé cette oeuvre ? Symphonie n° 8 "inachevée" Franz Schubert
100%
Qui a composé cette oeuvre ? Quintette avec piano "La Truite" Franz Schubert
100%
Qui a composé cette oeuvre ? Quintette avec piano "La Truite" Franz Schubert
100%
Qui a composé cette oeuvre ? Symphonie n° 8 "inachevée" Franz Schubert
100%
Qui a composé cette oeuvre ? Quintette avec piano "La Truite" Franz Schubert
100%
Qui a composé cette oeuvre ? Polonaise militaire Frédéric Chopin
100%
Qui a composé cette oeuvre ? Polonaise militaire Frédéric Chopin
100%
Qui a composé cette oeuvre ? Polonaise militaire Frédéric Chopin
100%
Qui a composé cette oeuvre ? Prélude pour piano n° 15 "La Goutte d'eau" Frédéric Chopin
100%
Qui a composé cette oeuvre ? Polonaise militaire Frédéric Chopin
100%
Qui a composé cette oeuvre ? Rhapsody in Blue George Gershwin
100%
Qui a composé cette oeuvre ? Un Américain à Paris George Gershwin
100%
Qui a composé cette oeuvre ? Un Américain à Paris George Gershwin
100%
Qui a composé cette oeuvre ? Porgy and Bess George Gershwin
100%
Qui a composé cette oeuvre ? Rhapsody in Blue George Gershwin
100%
Qui a composé cette oeuvre ? Carmen Georges Bizet
100%
Qui a composé cette oeuvre ? L'Arlésienne Georges Bizet
100%
Qui a composé cette oeuvre ? Carmen Georges Bizet
100%
Qui a composé cette oeuvre ? L'Arlésienne Georges Bizet
100%
Qui a composé cette oeuvre ? Carmen Georges Bizet
100%
Qui a composé cette oeuvre ? L'Arlésienne Georges Bizet
100%
Qui a composé cette oeuvre ? Carmen Georges Bizet
100%
Qui a composé cette oeuvre ? Le Messie Georg Friedrich Haendel
100%
Qui a composé cette oeuvre ? Le Messie Georg Friedrich Haendel
100%
Qui a composé cette oeuvre ? Turandot Giacomo Puccini
100%
Qui a composé cette oeuvre ? Turandot Giacomo Puccini
100%
Qui a composé cette oeuvre ? Madame Butterfly Giacomo Puccini
100%
Qui a composé cette oeuvre ? Tosca Giacomo Puccini
100%
Qui a composé cette oeuvre ? Guillaume Tell Gioachino Rossini
100%
Qui a composé cette oeuvre ? La Traviata Giuseppe Verdi
100%
Qui a composé cette oeuvre ? Rigoletto Giuseppe Verdi
100%
Qui a composé cette oeuvre ? Aïda Giuseppe Verdi
100%
Qui a composé cette oeuvre ? La Traviata Giuseppe Verdi
100%
Qui a composé cette oeuvre ? Aïda Giuseppe Verdi
100%
Qui a composé cette oeuvre ? Nabucco Giuseppe Verdi
100%
Qui a composé cette oeuvre ? Nabucco Giuseppe Verdi
100%
Qui a composé cette oeuvre ? Rigoletto Giuseppe Verdi
100%
Qui a composé cette oeuvre ? Aïda Giuseppe Verdi
100%
Qui a composé cette oeuvre ? La Traviata Giuseppe Verdi
100%
Qui a composé cette oeuvre ? Aïda Giuseppe Verdi
100%
Qui a composé cette oeuvre ? Symphonie n° 2 "Résurrection" Gustav Mahler
100%
Qui a composé cette oeuvre ? Symphonie n° 8 "des mille" Gustav Mahler
100%
Qui a composé cette oeuvre ? Harold en Italie Hector Berlioz
100%
Qui a composé cette oeuvre ? Symphonie fantastique Hector Berlioz
100%
Qui a composé cette oeuvre ? Le Sacre du printemps Igor Stravinski
100%
Qui a composé cette oeuvre ? L'Oiseau de feu Igor Stravinski
100%
Qui a composé cette oeuvre ? L'Oiseau de feu Igor Stravinski
100%
Qui a composé cette oeuvre ? Le Sacre du printemps Igor Stravinski
100%
Qui a composé cette oeuvre ? Asturias Isaac Albéniz
100%
Qui a composé cette oeuvre ? Orphée aux enfers Jacques Offenbach
100%
Qui a composé cette oeuvre ? La Belle Hélène Jacques Offenbach
100%
Qui a composé cette oeuvre ? Orphée aux enfers Jacques Offenbach
100%
Qui a composé cette oeuvre ? Les Contes d'Hoffman Jacques Offenbach
100%
Qui a composé cette oeuvre ? Le Bourgeois gentilhomme Jean-Baptiste Lully
100%
Qui a composé cette oeuvre ? Les Indes galantes Jean-Philippe Rameau
100%
Qui a composé cette oeuvre ? Les Indes galantes Jean-Philippe Rameau
100%
Qui a composé cette oeuvre ? Variations Goldberg Jean-Sébastien Bach
100%
Qui a composé cette oeuvre ? L'Art de la fugue Jean-Sébastien Bach
100%
Qui a composé cette oeuvre ? La Passion selon saint Jean Jean-Sébastien Bach
100%
Qui a composé cette oeuvre ? Toccata et fugue en ré mineur Jean-Sébastien Bach
100%
Qui a composé cette oeuvre ? Variations Goldberg Jean-Sébastien Bach
100%
Qui a composé cette oeuvre ? La Passion selon saint Jean Jean-Sébastien Bach
100%
Qui a composé cette oeuvre ? Le Clavier bien tempéré Jean-Sébastien Bach
100%
Qui a composé cette oeuvre ? L'Art de la fugue Jean-Sébastien Bach
100%
Qui a composé cette oeuvre ? Variations Goldberg Jean-Sébastien Bach
100%
Qui a composé cette oeuvre ? Toccata et fugue en ré mineur Jean-Sébastien Bach
100%
Qui a composé cette oeuvre ? Le Clavier bien tempéré Jean-Sébastien Bach
100%
Qui a composé cette oeuvre ? Toccata et fugue en ré mineur Jean-Sébastien Bach
100%
Qui a composé cette oeuvre ? 6 concertos brandebourgeois Jean-Sébastien Bach
100%
Qui a composé cette oeuvre ? Toccata et fugue en ré mineur Jean-Sébastien Bach
100%
Qui a composé cette oeuvre ? L'Art de la fugue Jean-Sébastien Bach
100%
Qui a composé cette oeuvre ? Le Clavier bien tempéré Jean-Sébastien Bach
100%
Qui a composé cette oeuvre ? Danses hongroises Johannes Brahms
100%
Qui a composé cette oeuvre ? Danses hongroises Johannes Brahms
100%
Qui a composé cette oeuvre ? Danses hongroises Johannes Brahms
100%
Qui a composé cette oeuvre ? Danses hongroises Johannes Brahms
100%
Qui a composé cette oeuvre ? Canon en ré majeur Johann Pachelbel
100%
Qui a composé cette oeuvre ? Canon en ré majeur Johann Pachelbel
100%
Qui a composé cette oeuvre ? Canon en ré majeur Johann Pachelbel
100%
Qui a composé cette oeuvre ? Canon en ré majeur Johann Pachelbel
100%
Qui a composé cette oeuvre ? Le Beau Danube bleu Johann Strauss (fils)
100%
Qui a composé cette oeuvre ? Tritsch-Tratsch-Polka Johann Strauss (fils)
100%
Qui a composé cette oeuvre ? Le Beau Danube bleu Johann Strauss (fils)
100%
Qui a composé cette oeuvre ? La Chauve-Souris Johann Strauss (fils)
100%
Qui a composé cette oeuvre ? Tritsch-Tratsch-Polka Johann Strauss (fils)
100%
Qui a composé cette oeuvre ? Le Beau Danube bleu Johann Strauss (fils)
100%
Qui a composé cette oeuvre ? Le Beau Danube bleu Johann Strauss (fils)
100%
Qui a composé cette oeuvre ? Marche de Radetzky Johann Strauss (père)
100%
Qui a composé cette oeuvre ? Symphonie nº 94 "La Surprise" Joseph Haydn
100%
Qui a composé cette oeuvre ? Symphonie n° 4 "Inextinguible" Karl Nielsen
100%
Qui a composé cette oeuvre ? Sonate pour piano n° 14 "au Clair de Lune" Ludwig van Beethoven
100%
Qui a composé cette oeuvre ? La Lettre à Elise Ludwig van Beethoven
100%
Qui a composé cette oeuvre ? Symphonie n° 9 "Ode à la joie" Ludwig van Beethoven
100%
Qui a composé cette oeuvre ? Sonate pour piano n° 14 "au Clair de Lune" Ludwig van Beethoven
100%
Qui a composé cette oeuvre ? Fidelio Ludwig van Beethoven
100%
Qui a composé cette oeuvre ? Symphonie n° 6 "Pastorale" Ludwig van Beethoven
100%
Qui a composé cette oeuvre ? Concerto pour piano n° 5 "Empereur" Ludwig van Beethoven
100%
Qui a composé cette oeuvre ? Symphonie n° 9 "Ode à la joie" Ludwig van Beethoven
100%
Qui a composé cette oeuvre ? Sonate pour piano n° 14 "au Clair de Lune" Ludwig van Beethoven
100%
Qui a composé cette oeuvre ? Symphonie n° 9 "Ode à la joie" Ludwig van Beethoven
100%
Qui a composé cette oeuvre ? La Lettre à Elise Ludwig van Beethoven
100%
Qui a composé cette oeuvre ? Sonate pour piano n° 14 "au Clair de Lune" Ludwig van Beethoven
100%
Qui a composé cette oeuvre ? La Lettre à Elise Ludwig van Beethoven
100%
Qui a composé cette oeuvre ? Symphonie n° 9 "Ode à la joie" Ludwig van Beethoven
100%
Qui a composé cette oeuvre ? La Lettre à Elise Ludwig van Beethoven
100%
Qui a composé cette oeuvre ? Sonate pour piano n° 14 "au Clair de Lune" Ludwig van Beethoven
100%
Qui a composé cette oeuvre ? Fidelio Ludwig van Beethoven
100%
Qui a composé cette oeuvre ? Sonate pour piano n° 14 "au Clair de Lune" Ludwig van Beethoven
100%
Qui a composé cette oeuvre ? La Lettre à Elise Ludwig van Beethoven
100%
Qui a composé cette oeuvre ? Boléro Maurice Ravel
100%
Qui a composé cette oeuvre ? Concerto pour la main gauche Maurice Ravel
100%
Qui a composé cette oeuvre ? Boléro Maurice Ravel
100%
Qui a composé cette oeuvre ? Pavane pour une infante défunte Maurice Ravel
100%
Qui a composé cette oeuvre ? Boléro Maurice Ravel
100%
Qui a composé cette oeuvre ? Boléro Maurice Ravel
100%
Qui a composé cette oeuvre ? Boléro Maurice Ravel
100%
Qui a composé cette oeuvre ? Boléro Maurice Ravel
100%
Qui a composé cette oeuvre ? Concerto pour la main gauche Maurice Ravel
100%
Qui a composé cette oeuvre ? Boléro Maurice Ravel
100%
Qui a composé cette oeuvre ? Une nuit sur le mont Chauve Modeste Moussorgski
100%
Qui a composé cette oeuvre ? Boris Godounov Modeste Moussorgski
100%
Qui a composé cette oeuvre ? Tableaux d'une exposition Modeste Moussorgski
100%
Qui a composé cette oeuvre ? 24 caprices pour violon Niccolò Paganini
100%
Qui a composé cette oeuvre ? 24 caprices pour violon Niccolò Paganini
100%
Qui a composé cette oeuvre ? 24 caprices pour violon Niccolò Paganini
100%
Qui a composé cette oeuvre ? L'apprenti Sorcier Paul Dukas
100%
Qui a composé cette oeuvre ? Le Lac des cygnes Piotr Tchaïkovski
100%
Qui a composé cette oeuvre ? Casse-Noisette Piotr Tchaïkovski
100%
Qui a composé cette oeuvre ? Casse-Noisette Piotr Tchaïkovski
100%
Qui a composé cette oeuvre ? Le Lac des cygnes Piotr Tchaïkovski
100%
Qui a composé cette oeuvre ? Casse-Noisette Piotr Tchaïkovski
100%
Qui a composé cette oeuvre ? Symphonie n° 6 "Pathétique" Piotr Tchaïkovski
100%
Qui a composé cette oeuvre ? Ouverture "1812" Piotr Tchaïkovski
100%
Qui a composé cette oeuvre ? Casse-Noisette Piotr Tchaïkovski
100%
Qui a composé cette oeuvre ? Le Lac des cygnes Piotr Tchaïkovski
100%
Qui a composé cette oeuvre ? Ainsi parlait Zarathoustra Richard Strauss
100%
Qui a composé cette oeuvre ? La Walkyrie Richard Wagner
100%
Qui a composé cette oeuvre ? Tristan et Isolde Richard Wagner
100%
Qui a composé cette oeuvre ? La Walkyrie Richard Wagner
100%
Qui a composé cette oeuvre ? La Walkyrie Richard Wagner
100%
Qui a composé cette oeuvre ? Siegfried-Idyll Richard Wagner
100%
Qui a composé cette oeuvre ? La Walkyrie Richard Wagner
100%
Qui a composé cette oeuvre ? Adagio pour cordes Samuel Barber
100%
Qui a composé cette oeuvre ? Pierre et le loup Sergueï Prokofiev
100%
Qui a composé cette oeuvre ? Pierre et le loup Sergueï Prokofiev
100%
Qui a composé cette oeuvre ? Don Giovanni Wolfgang Amadeus Mozart
100%
Qui a composé cette oeuvre ? La Flute enchantée Wolfgang Amadeus Mozart
100%
Qui a composé cette oeuvre ? Les Noces de Figaro Wolfgang Amadeus Mozart
100%
Qui a composé cette oeuvre ? Sonate pour piano n° 11 "Marche turque" Wolfgang Amadeus Mozart
100%
Qui a composé cette oeuvre ? Symphonie n° 41 "Jupiter" Wolfgang Amadeus Mozart
100%
Qui a composé cette oeuvre ? Les Noces de Figaro Wolfgang Amadeus Mozart
100%
Qui a composé cette oeuvre ? Une petite musique de nuit Wolfgang Amadeus Mozart
100%
Qui a composé cette oeuvre ? Don Giovanni Wolfgang Amadeus Mozart
100%
Qui a composé cette oeuvre ? Les Noces de Figaro Wolfgang Amadeus Mozart
100%
Qui a composé cette oeuvre ? Sonate pour piano n° 11 "Marche turque" Wolfgang Amadeus Mozart
100%
Qui a composé cette oeuvre ? Une petite musique de nuit Wolfgang Amadeus Mozart
100%
Qui a composé cette oeuvre ? La Flute enchantée Wolfgang Amadeus Mozart
100%
Qui a composé cette oeuvre ? Sonate pour piano n° 11 "Marche turque" Wolfgang Amadeus Mozart
100%
Qui a composé cette oeuvre ? Sonate pour piano n° 11 "Marche turque" Wolfgang Amadeus Mozart
100%
Qui a composé cette oeuvre ? La Flute enchantée Wolfgang Amadeus Mozart
100%
Qui a composé cette oeuvre ? Don Giovanni Wolfgang Amadeus Mozart
100%
Qui a composé cette oeuvre ? Sonate pour piano n° 11 "Marche turque" Wolfgang Amadeus Mozart
100%
Qui a composé cette oeuvre ? La Flute enchantée Wolfgang Amadeus Mozart
100%
Qui a composé cette oeuvre ? Don Giovanni Wolfgang Amadeus Mozart
100%
Qui a composé cette oeuvre ? La Flute enchantée Wolfgang Amadeus Mozart
100%
Qui a composé cette oeuvre ? Quintette avec piano "La Truite" Franz Schubert
89%
Qui a composé cette oeuvre ? Symphonie n° 9 "du Nouveau Monde" Antonín Dvořák
80%
Qui a composé cette oeuvre ? Le Carnaval des animaux Camille Saint-Saëns
80%
Qui a composé cette oeuvre ? Peer Gynt Edvard Grieg
80%
Qui a composé cette oeuvre ? 3 Gymnopédies Erik Satie
80%
Qui a composé cette oeuvre ? 6 Gnossiennes Erik Satie
80%
Qui a composé cette oeuvre ? 12 études d'exécution transcendante Franz Liszt
80%
Qui a composé cette oeuvre ? Quintette avec piano "La Truite" Franz Schubert
80%
Qui a composé cette oeuvre ? Rhapsody in Blue George Gershwin
80%
Qui a composé cette oeuvre ? Aïda Giuseppe Verdi
80%
Qui a composé cette oeuvre ? Finlandia Jean Sibelius
80%
Qui a composé cette oeuvre ? Pavane pour une infante défunte Maurice Ravel
80%
Qui a composé cette oeuvre ? Casse-Noisette Piotr Tchaïkovski
80%
Qui a composé cette oeuvre ? Casse-Noisette Piotr Tchaïkovski
80%
Qui a composé cette oeuvre ? Don Giovanni Wolfgang Amadeus Mozart
80%
Qui a composé cette oeuvre ? Une petite musique de nuit Wolfgang Amadeus Mozart
80%
Qui a composé cette oeuvre ? Les Noces de Figaro Wolfgang Amadeus Mozart
80%
Qui a composé cette oeuvre ? Don Giovanni Wolfgang Amadeus Mozart
80%
Qui a composé cette oeuvre ? La Walkyrie Richard Wagner
78%
Qui a composé cette oeuvre ? Les Noces de Figaro Wolfgang Amadeus Mozart
78%
Qui a composé cette oeuvre ? Symphonie n° 9 "du Nouveau Monde" Antonín Dvořák
75%
Qui a composé cette oeuvre ? Prélude à l'Après-midi d'un faune Claude Debussy
75%
Qui a composé cette oeuvre ? L'Orfeo Claudio Monteverdi
75%
Qui a composé cette oeuvre ? 3 Gymnopédies Erik Satie
75%
Qui a composé cette oeuvre ? Porgy and Bess George Gershwin
75%
Qui a composé cette oeuvre ? L'Arlésienne Georges Bizet
75%
Qui a composé cette oeuvre ? Le Sacre du printemps Igor Stravinski
75%
Qui a composé cette oeuvre ? L'Art de la fugue Jean-Sébastien Bach
75%
Qui a composé cette oeuvre ? Canon en ré majeur Johann Pachelbel
75%
Qui a composé cette oeuvre ? 4'33'' John Cage
75%
Qui a composé cette oeuvre ? Symphonie n° 6 "Pastorale" Ludwig van Beethoven
75%
Qui a composé cette oeuvre ? Sonate pour violon et piano no 9 "à Kreutzer" Ludwig van Beethoven
75%
Qui a composé cette oeuvre ? Daphnis et Chloé Maurice Ravel
75%
Qui a composé cette oeuvre ? Casse-Noisette Piotr Tchaïkovski
75%
Qui a composé cette oeuvre ? Siegfried-Idyll Richard Wagner
75%
Qui a composé cette oeuvre ? Tristan et Isolde Richard Wagner
75%
Qui a composé cette oeuvre ? La Walkyrie Richard Wagner
75%
Qui a composé cette oeuvre ? Une petite musique de nuit Wolfgang Amadeus Mozart
75%
Qui a composé cette oeuvre ? Une petite musique de nuit Wolfgang Amadeus Mozart
75%
Qui a composé cette oeuvre ? Le Poème de l'extase Alexandre Scriabine
67%
Qui a composé cette oeuvre ? Symphonie n° 9 "du Nouveau Monde" Antonín Dvořák
67%
Qui a composé cette oeuvre ? Libertango Astor Piazzolla
67%
Qui a composé cette oeuvre ? La Moldau Bedřich Smetana
67%
Qui a composé cette oeuvre ? Carmina Burana Carl Orff
67%
Qui a composé cette oeuvre ? Prélude à l'Après-midi d'un faune Claude Debussy
67%
Qui a composé cette oeuvre ? La Mer Claude Debussy
67%
Qui a composé cette oeuvre ? Prélude à l'Après-midi d'un faune Claude Debussy
67%
Qui a composé cette oeuvre ? Symphonie n° 7 "Leningrad" Dmitri Chostakovitch
67%
Qui a composé cette oeuvre ? Peer Gynt Edvard Grieg
67%
Qui a composé cette oeuvre ? Peer Gynt Edvard Grieg
67%
Qui a composé cette oeuvre ? 6 Gnossiennes Erik Satie
67%
Qui a composé cette oeuvre ? 6 Gnossiennes Erik Satie
67%
Qui a composé cette oeuvre ? 12 études d'exécution transcendante Franz Liszt
67%
Qui a composé cette oeuvre ? Mephisto-Valses Franz Liszt
67%
Qui a composé cette oeuvre ? Rhapsodies hongroises Franz Liszt
67%
Qui a composé cette oeuvre ? Quintette avec piano "La Truite" Franz Schubert
67%
Qui a composé cette oeuvre ? Symphonie n° 8 "inachevée" Franz Schubert
67%
Qui a composé cette oeuvre ? Prélude pour piano n° 15 "La Goutte d'eau" Frédéric Chopin
67%
Qui a composé cette oeuvre ? L'Élixir d'amour Gaetano Donizetti
67%
Qui a composé cette oeuvre ? L'Arlésienne Georges Bizet
67%
Qui a composé cette oeuvre ? Les Pêcheurs de perles Georges Bizet
67%
Qui a composé cette oeuvre ? Le Messie Georg Friedrich Haendel
67%
Qui a composé cette oeuvre ? Le Messie Georg Friedrich Haendel
67%
Qui a composé cette oeuvre ? Tosca Giacomo Puccini
67%
Qui a composé cette oeuvre ? Turandot Giacomo Puccini
67%
Qui a composé cette oeuvre ? Le Barbier de Séville Gioachino Rossini
67%
Qui a composé cette oeuvre ? Guillaume Tell Gioachino Rossini
67%
Qui a composé cette oeuvre ? Guillaume Tell Gioachino Rossini
67%
Qui a composé cette oeuvre ? Le Barbier de Séville Gioachino Rossini
67%
Qui a composé cette oeuvre ? Nabucco Giuseppe Verdi
67%
Qui a composé cette oeuvre ? Symphonie n° 2 "Résurrection" Gustav Mahler
67%
Qui a composé cette oeuvre ? La Damnation de Faust Hector Berlioz
67%
Qui a composé cette oeuvre ? La Damnation de Faust Hector Berlioz
67%
Qui a composé cette oeuvre ? Symphonie fantastique Hector Berlioz
67%
Qui a composé cette oeuvre ? L'Oiseau de feu Igor Stravinski
67%
Qui a composé cette oeuvre ? Asturias Isaac Albéniz
67%
Qui a composé cette oeuvre ? La Belle Hélène Jacques Offenbach
67%
Qui a composé cette oeuvre ? Les Contes d'Hoffman Jacques Offenbach
67%
Qui a composé cette oeuvre ? Les Contes d'Hoffman Jacques Offenbach
67%
Qui a composé cette oeuvre ? Le Bourgeois gentilhomme Jean-Baptiste Lully
67%
Qui a composé cette oeuvre ? Le Clavier bien tempéré Jean-Sébastien Bach
67%
Qui a composé cette oeuvre ? La Passion selon saint Jean Jean-Sébastien Bach
67%
Qui a composé cette oeuvre ? 6 concertos brandebourgeois Jean-Sébastien Bach
67%
Qui a composé cette oeuvre ? Variations Goldberg Jean-Sébastien Bach
67%
Qui a composé cette oeuvre ? Danses hongroises Johannes Brahms
67%
Qui a composé cette oeuvre ? Danses hongroises Johannes Brahms
67%
Qui a composé cette oeuvre ? Valse de l'Empereur Johann Strauss (fils)
67%
Qui a composé cette oeuvre ? Le Beau Danube bleu Johann Strauss (fils)
67%
Qui a composé cette oeuvre ? La Chauve-Souris Johann Strauss (fils)
67%
Qui a composé cette oeuvre ? Le Beau Danube bleu Johann Strauss (fils)
67%
Qui a composé cette oeuvre ? Symphonie nº 94 "La Surprise" Joseph Haydn
67%
Qui a composé cette oeuvre ? West Side Story Leonard Bernstein
67%
Qui a composé cette oeuvre ? Symphonie n° 6 "Pastorale" Ludwig van Beethoven
67%
Qui a composé cette oeuvre ? Symphonie n° 6 "Pastorale" Ludwig van Beethoven
67%
Qui a composé cette oeuvre ? La Lettre à Elise Ludwig van Beethoven
67%
Qui a composé cette oeuvre ? Schéhérazade Nikolaï Rimski-Korsakov
67%
Qui a composé cette oeuvre ? Schéhérazade Nikolaï Rimski-Korsakov
67%
Qui a composé cette oeuvre ? Le Lac des cygnes Piotr Tchaïkovski
67%
Qui a composé cette oeuvre ? Le Lac des cygnes Piotr Tchaïkovski
67%
Qui a composé cette oeuvre ? Ainsi parlait Zarathoustra Richard Strauss
67%
Qui a composé cette oeuvre ? Le Chevalier à la rose Richard Strauss
67%
Qui a composé cette oeuvre ? Tristan et Isolde Richard Wagner
67%
Qui a composé cette oeuvre ? La Walkyrie Richard Wagner
67%
Qui a composé cette oeuvre ? Pierre et le loup Sergueï Prokofiev
67%
Qui a composé cette oeuvre ? Les Noces de Figaro Wolfgang Amadeus Mozart
67%
Qui a composé cette oeuvre ? Symphonie n° 9 "du Nouveau Monde" Antonín Dvořák
60%
Qui a composé cette oeuvre ? Marches "Pomp and Circumstance" Edward Elgar
60%
Qui a composé cette oeuvre ? Romances sans paroles Felix Mendelssohn
60%
Qui a composé cette oeuvre ? Prélude pour piano n° 15 "La Goutte d'eau" Frédéric Chopin
60%
Qui a composé cette oeuvre ? L'Arlésienne Georges Bizet
60%
Qui a composé cette oeuvre ? La Traviata Giuseppe Verdi
60%
Qui a composé cette oeuvre ? Symphonie n° 8 "des mille" Gustav Mahler
60%
Qui a composé cette oeuvre ? La Damnation de Faust Hector Berlioz
60%
Qui a composé cette oeuvre ? Bachianas brasileiras Heitor Villa-Lobos
60%
Qui a composé cette oeuvre ? Le Sacre du printemps Igor Stravinski
60%
Qui a composé cette oeuvre ? Le Sacre du printemps Igor Stravinski
60%
Qui a composé cette oeuvre ? L'Art de la fugue Jean-Sébastien Bach
60%
Qui a composé cette oeuvre ? Le Clavier bien tempéré Jean-Sébastien Bach
60%
Qui a composé cette oeuvre ? Valse de l'Empereur Johann Strauss (fils)
60%
Qui a composé cette oeuvre ? Symphonie n° 6 "Pastorale" Ludwig van Beethoven
60%
Qui a composé cette oeuvre ? Fidelio Ludwig van Beethoven
60%
Qui a composé cette oeuvre ? Symphonie n° 6 "Pastorale" Ludwig van Beethoven
60%
Qui a composé cette oeuvre ? Concerto pour piano n° 5 "Empereur" Ludwig van Beethoven
60%
Qui a composé cette oeuvre ? Fidelio Ludwig van Beethoven
60%
Qui a composé cette oeuvre ? L'apprenti Sorcier Paul Dukas
60%
Qui a composé cette oeuvre ? Ouverture "1812" Piotr Tchaïkovski
60%
Qui a composé cette oeuvre ? Pierre et le loup Sergueï Prokofiev
60%
Qui a composé cette oeuvre ? Sonate pour piano n° 11 "Marche turque" Wolfgang Amadeus Mozart
60%
Qui a composé cette oeuvre ? Symphonie n° 9 "du Nouveau Monde" Antonín Dvořák
56%
Qui a composé cette oeuvre ? Danse macabre Camille Saint-Saëns
56%
Qui a composé cette oeuvre ? Symphonie fantastique Hector Berlioz
56%
Qui a composé cette oeuvre ? Don Giovanni Wolfgang Amadeus Mozart
56%
Qui a composé cette oeuvre ? Le Prince Igor Alexandre Borodine
50%
Qui a composé cette oeuvre ? Rusalka Antonín Dvořák
50%
Qui a composé cette oeuvre ? Symphonie n° 9 "du Nouveau Monde" Antonín Dvořák
50%
Qui a composé cette oeuvre ? Pierrot lunaire Arnold Schoenberg
50%
Qui a composé cette oeuvre ? La Nuit transfigurée Arnold Schoenberg
50%
Qui a composé cette oeuvre ? La Nuit transfigurée Arnold Schoenberg
50%
Qui a composé cette oeuvre ? Libertango Astor Piazzolla
50%
Qui a composé cette oeuvre ? Le Carnaval des animaux Camille Saint-Saëns
50%
Qui a composé cette oeuvre ? Danse macabre Camille Saint-Saëns
50%
Qui a composé cette oeuvre ? Carmina Burana Carl Orff
50%
Qui a composé cette oeuvre ? La Mer Claude Debussy
50%
Qui a composé cette oeuvre ? La Mer Claude Debussy
50%
Qui a composé cette oeuvre ? L'Orfeo Claudio Monteverdi
50%
Qui a composé cette oeuvre ? Vêpres de la Vierge Claudio Monteverdi
50%
Qui a composé cette oeuvre ? L'Orfeo Claudio Monteverdi
50%
Qui a composé cette oeuvre ? 555 sonates pour clavecin Domenico Scarlatti
50%
Qui a composé cette oeuvre ? Peer Gynt Edvard Grieg
50%
Qui a composé cette oeuvre ? Peer Gynt Edvard Grieg
50%
Qui a composé cette oeuvre ? 6 Gnossiennes Erik Satie
50%
Qui a composé cette oeuvre ? Romances sans paroles Felix Mendelssohn
50%
Qui a composé cette oeuvre ? Les Barricades mystérieuses François Couperin
50%
Qui a composé cette oeuvre ? Rhapsodies hongroises Franz Liszt
50%
Qui a composé cette oeuvre ? 12 études d'exécution transcendante Franz Liszt
50%
Qui a composé cette oeuvre ? Rhapsodies hongroises Franz Liszt
50%
Qui a composé cette oeuvre ? Quintette avec piano "La Truite" Franz Schubert
50%
Qui a composé cette oeuvre ? Symphonie n° 8 "inachevée" Franz Schubert
50%
Qui a composé cette oeuvre ? Symphonie n° 8 "inachevée" Franz Schubert
50%
Qui a composé cette oeuvre ? Le Voyage d'hiver Franz Schubert
50%
Qui a composé cette oeuvre ? Quintette avec piano "La Truite" Franz Schubert
50%
Qui a composé cette oeuvre ? Prélude pour piano n° 15 "La Goutte d'eau" Frédéric Chopin
50%
Qui a composé cette oeuvre ? Valse minute, ou "du petit chien" Frédéric Chopin
50%
Qui a composé cette oeuvre ? Etude pour piano n°12 "Révolutionnaire" Frédéric Chopin
50%
Qui a composé cette oeuvre ? Prélude pour piano n° 15 "La Goutte d'eau" Frédéric Chopin
50%
Qui a composé cette oeuvre ? Etude pour piano n°12 "Révolutionnaire" Frédéric Chopin
50%
Qui a composé cette oeuvre ? Cantique de Jean Racine Gabriel Fauré
50%
Qui a composé cette oeuvre ? Rhapsody in Blue George Gershwin
50%
Qui a composé cette oeuvre ? Rhapsody in Blue George Gershwin
50%
Qui a composé cette oeuvre ? Un Américain à Paris George Gershwin
50%
Qui a composé cette oeuvre ? Water Music Georg Friedrich Haendel
50%
Qui a composé cette oeuvre ? Le Messie Georg Friedrich Haendel
50%
Qui a composé cette oeuvre ? Madame Butterfly Giacomo Puccini
50%
Qui a composé cette oeuvre ? Tosca Giacomo Puccini
50%
Qui a composé cette oeuvre ? Madame Butterfly Giacomo Puccini
50%
Qui a composé cette oeuvre ? Madame Butterfly Giacomo Puccini
50%
Qui a composé cette oeuvre ? Tosca Giacomo Puccini
50%
Qui a composé cette oeuvre ? Le Barbier de Séville Gioachino Rossini
50%
Qui a composé cette oeuvre ? Le Barbier de Séville Gioachino Rossini
50%
Qui a composé cette oeuvre ? Le Barbier de Séville Gioachino Rossini
50%
Qui a composé cette oeuvre ? Guillaume Tell Gioachino Rossini
50%
Qui a composé cette oeuvre ? Messe du Pape Marcel Giovanni Pierluigi da Palestrina
50%
Qui a composé cette oeuvre ? Aïda Giuseppe Verdi
50%
Qui a composé cette oeuvre ? Nabucco Giuseppe Verdi
50%
Qui a composé cette oeuvre ? Aïda Giuseppe Verdi
50%
Qui a composé cette oeuvre ? Rigoletto Giuseppe Verdi
50%
Qui a composé cette oeuvre ? Nabucco Giuseppe Verdi
50%
Qui a composé cette oeuvre ? La Traviata Giuseppe Verdi
50%
Qui a composé cette oeuvre ? Les Planètes Gustav Holst
50%
Qui a composé cette oeuvre ? Symphonie n° 2 "Résurrection" Gustav Mahler
50%
Qui a composé cette oeuvre ? Symphonie fantastique Hector Berlioz
50%
Qui a composé cette oeuvre ? Musique pour les funérailles de la reine Marie Henry Purcell
50%
Qui a composé cette oeuvre ? Le Sacre du printemps Igor Stravinski
50%
Qui a composé cette oeuvre ? L'Oiseau de feu Igor Stravinski
50%
Qui a composé cette oeuvre ? Petrouchka Igor Stravinski
50%
Qui a composé cette oeuvre ? Orphée aux enfers Jacques Offenbach
50%
Qui a composé cette oeuvre ? Les Contes d'Hoffman Jacques Offenbach
50%
Qui a composé cette oeuvre ? Les Contes d'Hoffman Jacques Offenbach
50%
Qui a composé cette oeuvre ? Les Contes d'Hoffman Jacques Offenbach
50%
Qui a composé cette oeuvre ? Le Bourgeois gentilhomme Jean-Baptiste Lully
50%
Qui a composé cette oeuvre ? Hippolyte et Aricie Jean-Philippe Rameau
50%
Qui a composé cette oeuvre ? Les Indes galantes Jean-Philippe Rameau
50%
Qui a composé cette oeuvre ? Les Indes galantes Jean-Philippe Rameau
50%
Qui a composé cette oeuvre ? Toccata et fugue en ré mineur Jean-Sébastien Bach
50%
Qui a composé cette oeuvre ? Le Clavier bien tempéré Jean-Sébastien Bach
50%
Qui a composé cette oeuvre ? Ich habe genug Jean-Sébastien Bach
50%
Qui a composé cette oeuvre ? 6 concertos brandebourgeois Jean-Sébastien Bach
50%
Qui a composé cette oeuvre ? La Passion selon saint Jean Jean-Sébastien Bach
50%
Qui a composé cette oeuvre ? 6 concertos brandebourgeois Jean-Sébastien Bach
50%
Qui a composé cette oeuvre ? La Passion selon saint Jean Jean-Sébastien Bach
50%
Qui a composé cette oeuvre ? Toccata et fugue en ré mineur Jean-Sébastien Bach
50%
Qui a composé cette oeuvre ? Le Cygne de Tuonela Jean Sibelius
50%
Qui a composé cette oeuvre ? Finlandia Jean Sibelius
50%
Qui a composé cette oeuvre ? Finlandia Jean Sibelius
50%
Qui a composé cette oeuvre ? Un Requiem allemand Johannes Brahms
50%
Qui a composé cette oeuvre ? Canon en ré majeur Johann Pachelbel
50%
Qui a composé cette oeuvre ? Canon en ré majeur Johann Pachelbel
50%
Qui a composé cette oeuvre ? Valse de l'Empereur Johann Strauss (fils)
50%
Qui a composé cette oeuvre ? Le Beau Danube bleu Johann Strauss (fils)
50%
Qui a composé cette oeuvre ? 4'33'' John Cage
50%
Qui a composé cette oeuvre ? Symphonie nº 94 "La Surprise" Joseph Haydn
50%
Qui a composé cette oeuvre ? West Side Story Leonard Bernstein
50%
Qui a composé cette oeuvre ? Concerto pour piano n° 5 "Empereur" Ludwig van Beethoven
50%
Qui a composé cette oeuvre ? Symphonie n° 3 "Eroica" Ludwig van Beethoven
50%
Qui a composé cette oeuvre ? La Lettre à Elise Ludwig van Beethoven
50%
Qui a composé cette oeuvre ? Sonate pour piano n° 14 "au Clair de Lune" Ludwig van Beethoven
50%
Qui a composé cette oeuvre ? Concerto pour piano n° 5 "Empereur" Ludwig van Beethoven
50%
Qui a composé cette oeuvre ? Sonate pour piano n° 14 "au Clair de Lune" Ludwig van Beethoven
50%
Qui a composé cette oeuvre ? Symphonie n° 9 "Ode à la joie" Ludwig van Beethoven
50%
Qui a composé cette oeuvre ? Pavane pour une infante défunte Maurice Ravel
50%
Qui a composé cette oeuvre ? Pavane pour une infante défunte Maurice Ravel
50%
Qui a composé cette oeuvre ? Concerto pour la main gauche Maurice Ravel
50%
Qui a composé cette oeuvre ? Une nuit sur le mont Chauve Modeste Moussorgski
50%
Qui a composé cette oeuvre ? Boris Godounov Modeste Moussorgski
50%
Qui a composé cette oeuvre ? Une nuit sur le mont Chauve Modeste Moussorgski
50%
Qui a composé cette oeuvre ? 24 caprices pour violon Niccolò Paganini
50%
Qui a composé cette oeuvre ? Le Vol du bourdon Nikolaï Rimski-Korsakov
50%
Qui a composé cette oeuvre ? Schéhérazade Nikolaï Rimski-Korsakov
50%
Qui a composé cette oeuvre ? Le Vol du bourdon Nikolaï Rimski-Korsakov
50%
Qui a composé cette oeuvre ? Le Vol du bourdon Nikolaï Rimski-Korsakov
50%
Qui a composé cette oeuvre ? 20 regards sur l'Enfant Jésus Olivier Messiaen
50%
Qui a composé cette oeuvre ? Les fontaines de Rome Ottorino Respighi
50%
Qui a composé cette oeuvre ? Symphonie n° 6 "Pathétique" Piotr Tchaïkovski
50%
Qui a composé cette oeuvre ? Ouverture "1812" Piotr Tchaïkovski
50%
Qui a composé cette oeuvre ? Tannhauser Richard Wagner
50%
Qui a composé cette oeuvre ? Siegfried-Idyll Richard Wagner
50%
Qui a composé cette oeuvre ? Siegfried-Idyll Richard Wagner
50%
Qui a composé cette oeuvre ? Le Crépuscule des Dieux Richard Wagner
50%
Qui a composé cette oeuvre ? Scènes de la forêt Robert Schumann
50%
Qui a composé cette oeuvre ? Scènes de la forêt Robert Schumann
50%
Qui a composé cette oeuvre ? Pierre et le loup Sergueï Prokofiev
50%
Qui a composé cette oeuvre ? Symphonie n° 41 "Jupiter" Wolfgang Amadeus Mozart
50%
Qui a composé cette oeuvre ? Symphonie n° 41 "Jupiter" Wolfgang Amadeus Mozart
50%
Qui a composé cette oeuvre ? Marche de Radetzky Johann Strauss (père)
44%
Qui a composé cette oeuvre ? Marches "Pomp and Circumstance" Edward Elgar
40%
Qui a composé cette oeuvre ? 6 Gnossiennes Erik Satie
40%
Qui a composé cette oeuvre ? Rhapsodies hongroises Franz Liszt
40%
Qui a composé cette oeuvre ? Symphonie n° 8 "inachevée" Franz Schubert
40%
Qui a composé cette oeuvre ? Etude pour piano n°12 "Révolutionnaire" Frédéric Chopin
40%
Qui a composé cette oeuvre ? Rhapsody in Blue George Gershwin
40%
Qui a composé cette oeuvre ? L'Arlésienne Georges Bizet
40%
Qui a composé cette oeuvre ? Le Messie Georg Friedrich Haendel
40%
Qui a composé cette oeuvre ? Rigoletto Giuseppe Verdi
40%
Qui a composé cette oeuvre ? Petrouchka Igor Stravinski
40%
Qui a composé cette oeuvre ? Asturias Isaac Albéniz
40%
Qui a composé cette oeuvre ? Tritsch-Tratsch-Polka Johann Strauss (fils)
40%
Qui a composé cette oeuvre ? 4'33'' John Cage
40%
Qui a composé cette oeuvre ? L'Opéra de quat'sous Kurt Weil
40%
Qui a composé cette oeuvre ? Fidelio Ludwig van Beethoven
40%
Qui a composé cette oeuvre ? Pavane pour une infante défunte Maurice Ravel
40%
Qui a composé cette oeuvre ? Symphonie n° 6 "Pathétique" Piotr Tchaïkovski
40%
Qui a composé cette oeuvre ? Ouverture "1812" Piotr Tchaïkovski
40%
Qui a composé cette oeuvre ? Eugène Onéguine Piotr Tchaïkovski
40%
Qui a composé cette oeuvre ? Symphonie n° 6 "Pathétique" Piotr Tchaïkovski
40%
Qui a composé cette oeuvre ? Appalachian Spring Aaron Copland
33%
Qui a composé cette oeuvre ? Symphonie n°4 "Romantique" Anton Bruckner
33%
Qui a composé cette oeuvre ? Danses slaves Antonín Dvořák
33%
Qui a composé cette oeuvre ? Peter Grimes Benjamin Britten
33%
Qui a composé cette oeuvre ? Prélude à l'Après-midi d'un faune Claude Debussy
33%
Qui a composé cette oeuvre ? La Mer Claude Debussy
33%
Qui a composé cette oeuvre ? Suite bergamasque Claude Debussy
33%
Qui a composé cette oeuvre ? Dialogues des carmélites Francis Poulenc
33%
Qui a composé cette oeuvre ? Rhapsodies hongroises Franz Liszt
33%
Qui a composé cette oeuvre ? 12 études d'exécution transcendante Franz Liszt
33%
Qui a composé cette oeuvre ? Quatuor à cordes n° 14 "La Jeune fille et la mort" Franz Schubert
33%
Qui a composé cette oeuvre ? Valse minute, ou "du petit chien" Frédéric Chopin
33%
Qui a composé cette oeuvre ? Les Pêcheurs de perles Georges Bizet
33%
Qui a composé cette oeuvre ? Le Messie Georg Friedrich Haendel
33%
Qui a composé cette oeuvre ? Turandot Giacomo Puccini
33%
Qui a composé cette oeuvre ? Tosca Giacomo Puccini
33%
Qui a composé cette oeuvre ? Madame Butterfly Giacomo Puccini
33%
Qui a composé cette oeuvre ? Tosca Giacomo Puccini
33%
Qui a composé cette oeuvre ? Turandot Giacomo Puccini
33%
Qui a composé cette oeuvre ? Messe de Nostre Dame Guillaume de Machaut
33%
Qui a composé cette oeuvre ? Symphonie n° 2 "Résurrection" Gustav Mahler
33%
Qui a composé cette oeuvre ? Le Chant de la Terre Gustav Mahler
33%
Qui a composé cette oeuvre ? Didon et Enée Henry Purcell
33%
Qui a composé cette oeuvre ? King Arthur Henry Purcell
33%
Qui a composé cette oeuvre ? Les Contes d'Hoffman Jacques Offenbach
33%
Qui a composé cette oeuvre ? Platée Jean-Philippe Rameau
33%
Qui a composé cette oeuvre ? Ich habe genug Jean-Sébastien Bach
33%
Qui a composé cette oeuvre ? Toccata et fugue en ré mineur Jean-Sébastien Bach
33%
Qui a composé cette oeuvre ? Finlandia Jean Sibelius
33%
Qui a composé cette oeuvre ? Un Requiem allemand Johannes Brahms
33%
Qui a composé cette oeuvre ? Valse de l'Empereur Johann Strauss (fils)
33%
Qui a composé cette oeuvre ? Tritsch-Tratsch-Polka Johann Strauss (fils)
33%
Qui a composé cette oeuvre ? Valse de l'Empereur Johann Strauss (fils)
33%
Qui a composé cette oeuvre ? Valse de l'Empereur Johann Strauss (fils)
33%
Qui a composé cette oeuvre ? Marche de Radetzky Johann Strauss (père)
33%
Qui a composé cette oeuvre ? Marche de Radetzky Johann Strauss (père)
33%
Qui a composé cette oeuvre ? West Side Story Leonard Bernstein
33%
Qui a composé cette oeuvre ? Symphonie n° 3 "Eroica" Ludwig van Beethoven
33%
Qui a composé cette oeuvre ? Nuits dans les jardins d'Espagne Manuel de Falla
33%
Qui a composé cette oeuvre ? Concerto pour la main gauche Maurice Ravel
33%
Qui a composé cette oeuvre ? Le Vol du bourdon Nikolaï Rimski-Korsakov
33%
Qui a composé cette oeuvre ? Turangalîla-Symphonie Olivier Messiaen
33%
Qui a composé cette oeuvre ? Le Crépuscule des Dieux Richard Wagner
33%
Qui a composé cette oeuvre ? Adagio pour cordes Samuel Barber
33%
Qui a composé cette oeuvre ? Adagio pour cordes Samuel Barber
33%
Qui a composé cette oeuvre ? Rhapsodie sur un thème de Paganini Sergueï Rachmaninov
33%
Qui a composé cette oeuvre ? Les Noces de Figaro Wolfgang Amadeus Mozart
33%
Qui a composé cette oeuvre ? Sonate pour piano n° 9 "Messe noire" Alexandre Scriabine
25%
Qui a composé cette oeuvre ? Ouverture "Les Hébrides" Felix Mendelssohn
25%
Qui a composé cette oeuvre ? Valse minute, ou "du petit chien" Frédéric Chopin
25%
Qui a composé cette oeuvre ? Lucia di Lammermoor Gaetano Donizetti
25%
Qui a composé cette oeuvre ? Madame Butterfly Giacomo Puccini
25%
Qui a composé cette oeuvre ? Aïda Giuseppe Verdi
25%
Qui a composé cette oeuvre ? Les Planètes Gustav Holst
25%
Qui a composé cette oeuvre ? Symphonie fantastique Hector Berlioz
25%
Qui a composé cette oeuvre ? Orphée aux enfers Jacques Offenbach
25%
Qui a composé cette oeuvre ? Les Indes galantes Jean-Philippe Rameau
25%
Qui a composé cette oeuvre ? La Chauve-Souris Johann Strauss (fils)
25%
Qui a composé cette oeuvre ? Marche de Radetzky Johann Strauss (père)
25%
Qui a composé cette oeuvre ? Symphonie nº 45 "Les Adieux" Joseph Haydn
25%
Qui a composé cette oeuvre ? Symphonie n° 3 "Eroica" Ludwig van Beethoven
25%
Qui a composé cette oeuvre ? Symphonie n° 6 "Pastorale" Ludwig van Beethoven
25%
Qui a composé cette oeuvre ? Tableaux d'une exposition Modeste Moussorgski
25%
Qui a composé cette oeuvre ? 24 caprices pour violon Niccolò Paganini
25%
Qui a composé cette oeuvre ? Ainsi parlait Zarathoustra Richard Strauss
25%
Qui a composé cette oeuvre ? Le Chevalier à la rose Richard Strauss
25%
Qui a composé cette oeuvre ? Kreisleriana Robert Schumann
25%
Qui a composé cette oeuvre ? Rhapsodie sur un thème de Paganini Sergueï Rachmaninov
25%
Qui a composé cette oeuvre ? Norma Vincenzo Bellini
25%
Qui a composé cette oeuvre ? Symphonie n° 41 "Jupiter" Wolfgang Amadeus Mozart
25%
Qui a composé cette oeuvre ? Une petite musique de nuit Wolfgang Amadeus Mozart
25%
Qui a composé cette oeuvre ? Libertango Astor Piazzolla
22%
Qui a composé cette oeuvre ? Harold en Italie Hector Berlioz
22%
Qui a composé cette oeuvre ? Une nuit sur le mont Chauve Modeste Moussorgski
22%
Qui a composé cette oeuvre ? Eugène Onéguine Piotr Tchaïkovski
22%
Qui a composé cette oeuvre ? Adagio pour cordes Samuel Barber
22%
Qui a composé cette oeuvre ? Norma Vincenzo Bellini
22%
Qui a composé cette oeuvre ? Concerto pour violon "à la mémoire d'un ange" Alban Berg
20%
Qui a composé cette oeuvre ? Dans les steppes de l'Asie centrale Alexandre Borodine
20%
Qui a composé cette oeuvre ? Danses slaves Antonín Dvořák
20%
Qui a composé cette oeuvre ? Tabula Rasa Arvo Pärt
20%
Qui a composé cette oeuvre ? Musique pour cordes, percussion et célesta Bela Bartok
20%
Qui a composé cette oeuvre ? Romances sans paroles Felix Mendelssohn
20%
Qui a composé cette oeuvre ? Ouverture "Les Hébrides" Felix Mendelssohn
20%
Qui a composé cette oeuvre ? Dialogues des carmélites Francis Poulenc
20%
Qui a composé cette oeuvre ? La Veuve joyeuse Franz Lehár
20%
Qui a composé cette oeuvre ? Quatuor à cordes n° 14 "La Jeune fille et la mort" Franz Schubert
20%
Qui a composé cette oeuvre ? Messe de Nostre Dame Guillaume de Machaut
20%
Qui a composé cette oeuvre ? Didon et Enée Henry Purcell
20%
Qui a composé cette oeuvre ? Didon et Enée Henry Purcell
20%
Qui a composé cette oeuvre ? 4'33'' John Cage
20%
Qui a composé cette oeuvre ? La Vie brève Manuel de Falla
20%
Qui a composé cette oeuvre ? Le Vol du bourdon Nikolaï Rimski-Korsakov
20%
Qui a composé cette oeuvre ? Les fontaines de Rome Ottorino Respighi
20%
Qui a composé cette oeuvre ? Les fontaines de Rome Ottorino Respighi
20%
Qui a composé cette oeuvre ? Le Marteau sans maître Pierre Boulez
20%
Qui a composé cette oeuvre ? Eugène Onéguine Piotr Tchaïkovski
20%
Qui a composé cette oeuvre ? Kreisleriana Robert Schumann
20%
Qui a composé cette oeuvre ? Kreisleriana Robert Schumann
20%
Qui a composé cette oeuvre ? Lieutenant Kijé Sergueï Prokofiev
20%
Qui a composé cette oeuvre ? Symphonie n° 41 "Jupiter" Wolfgang Amadeus Mozart
20%
Qui a composé cette oeuvre ? L'Estro armonico Antonio Vivaldi
11%
Qui a composé cette oeuvre ? Le Mandarin merveilleux Bela Bartok
11%
Qui a composé cette oeuvre ? Symphonie n° 7 "Leningrad" Dmitri Chostakovitch
11%
Qui a composé cette oeuvre ? Rhapsodie sur un thème de Paganini Sergueï Rachmaninov
11%
Qui a composé cette oeuvre ? Fanfare for the Common Man Aaron Copland
0%
Qui a composé cette oeuvre ? Appalachian Spring Aaron Copland
0%
Qui a composé cette oeuvre ? Fanfare for the Common Man Aaron Copland
0%
Qui a composé cette oeuvre ? Concerto pour violon "à la mémoire d'un ange" Alban Berg
0%
Qui a composé cette oeuvre ? Le Prince Igor Alexandre Borodine
0%
Qui a composé cette oeuvre ? Le Prince Igor Alexandre Borodine
0%
Qui a composé cette oeuvre ? Dans les steppes de l'Asie centrale Alexandre Borodine
0%
Qui a composé cette oeuvre ? Le Prince Igor Alexandre Borodine
0%
Qui a composé cette oeuvre ? Sonate pour piano n° 9 "Messe noire" Alexandre Scriabine
0%
Qui a composé cette oeuvre ? Le Poème de l'extase Alexandre Scriabine
0%
Qui a composé cette oeuvre ? Symphonie n°4 "Romantique" Anton Bruckner
0%
Qui a composé cette oeuvre ? Symphonie n°4 "Romantique" Anton Bruckner
0%
Qui a composé cette oeuvre ? Symphonie n°4 "Romantique" Anton Bruckner
0%
Qui a composé cette oeuvre ? Quatuor à cordes n° 12 "Américain" Antonín Dvořák
0%
Qui a composé cette oeuvre ? Quatuor à cordes n° 12 "Américain" Antonín Dvořák
0%
Qui a composé cette oeuvre ? Danses slaves Antonín Dvořák
0%
Qui a composé cette oeuvre ? Quatuor à cordes n° 12 "Américain" Antonín Dvořák
0%
Qui a composé cette oeuvre ? Danses slaves Antonín Dvořák
0%
Qui a composé cette oeuvre ? Rusalka Antonín Dvořák
0%
Qui a composé cette oeuvre ? Quatuor à cordes n° 12 "Américain" Antonín Dvořák
0%
Qui a composé cette oeuvre ? Quatuor à cordes n° 12 "Américain" Antonín Dvořák
0%
Qui a composé cette oeuvre ? Danses slaves Antonín Dvořák
0%
Qui a composé cette oeuvre ? L'Estro armonico Antonio Vivaldi
0%
Qui a composé cette oeuvre ? L'Estro armonico Antonio Vivaldi
0%
Qui a composé cette oeuvre ? Les Quatre Saisons Antonio Vivaldi
0%
Qui a composé cette oeuvre ? L'Estro armonico Antonio Vivaldi
0%
Qui a composé cette oeuvre ? Gayaneh Aram Khatchatourian
0%
Qui a composé cette oeuvre ? Pierrot lunaire Arnold Schoenberg
0%
Qui a composé cette oeuvre ? Tabula Rasa Arvo Pärt
0%
Qui a composé cette oeuvre ? Libertango Astor Piazzolla
0%
Qui a composé cette oeuvre ? Libertango Astor Piazzolla
0%
Qui a composé cette oeuvre ? Libertango Astor Piazzolla
0%
Qui a composé cette oeuvre ? La Moldau Bedřich Smetana
0%
Qui a composé cette oeuvre ? La Moldau Bedřich Smetana
0%
Qui a composé cette oeuvre ? La Moldau Bedřich Smetana
0%
Qui a composé cette oeuvre ? La Moldau Bedřich Smetana
0%
Qui a composé cette oeuvre ? Le Mandarin merveilleux Bela Bartok
0%
Qui a composé cette oeuvre ? Musique pour cordes, percussion et célesta Bela Bartok
0%
Qui a composé cette oeuvre ? The Young Person's Guide to the Orchestra Benjamin Britten
0%
Qui a composé cette oeuvre ? Peter Grimes Benjamin Britten
0%
Qui a composé cette oeuvre ? The Young Person's Guide to the Orchestra Benjamin Britten
0%
Qui a composé cette oeuvre ? The Young Person's Guide to the Orchestra Benjamin Britten
0%
Qui a composé cette oeuvre ? The Young Person's Guide to the Orchestra Benjamin Britten
0%
Qui a composé cette oeuvre ? Samson et Dalila Camille Saint-Saëns
0%
Qui a composé cette oeuvre ? Le Carnaval des animaux Camille Saint-Saëns
0%
Qui a composé cette oeuvre ? Symphonie n° 3 "Avec orgue" Camille Saint-Saëns
0%
Qui a composé cette oeuvre ? Symphonie n° 3 "Avec orgue" Camille Saint-Saëns
0%
Qui a composé cette oeuvre ? Samson et Dalila Camille Saint-Saëns
0%
Qui a composé cette oeuvre ? Le Freischütz Carl Maria von Weber
0%
Qui a composé cette oeuvre ? Le Freischütz Carl Maria von Weber
0%
Qui a composé cette oeuvre ? Carmina Burana Carl Orff
0%
Qui a composé cette oeuvre ? Carmina Burana Carl Orff
0%
Qui a composé cette oeuvre ? Prélude, choral et fugue César Franck
0%
Qui a composé cette oeuvre ? Prélude, choral et fugue César Franck
0%
Qui a composé cette oeuvre ? Suite bergamasque Claude Debussy
0%
Qui a composé cette oeuvre ? Prélude à l'Après-midi d'un faune Claude Debussy
0%
Qui a composé cette oeuvre ? Prélude à l'Après-midi d'un faune Claude Debussy
0%
Qui a composé cette oeuvre ? Suite bergamasque Claude Debussy
0%
Qui a composé cette oeuvre ? Suite bergamasque Claude Debussy
0%
Qui a composé cette oeuvre ? Vêpres de la Vierge Claudio Monteverdi
0%
Qui a composé cette oeuvre ? Le Couronnement de Poppée Claudio Monteverdi
0%
Qui a composé cette oeuvre ? L'Orfeo Claudio Monteverdi
0%
Qui a composé cette oeuvre ? L'Orfeo Claudio Monteverdi
0%
Qui a composé cette oeuvre ? Le Couronnement de Poppée Claudio Monteverdi
0%
Qui a composé cette oeuvre ? L'Orfeo Claudio Monteverdi
0%
Qui a composé cette oeuvre ? Le Couronnement de Poppée Claudio Monteverdi
0%
Qui a composé cette oeuvre ? Vêpres de la Vierge Claudio Monteverdi
0%
Qui a composé cette oeuvre ? Le Couronnement de Poppée Claudio Monteverdi
0%
Qui a composé cette oeuvre ? Le Bœuf sur le toit Darius Milhaud
0%
Qui a composé cette oeuvre ? Le Bœuf sur le toit Darius Milhaud
0%
Qui a composé cette oeuvre ? Symphonie n° 7 "Leningrad" Dmitri Chostakovitch
0%
Qui a composé cette oeuvre ? Le Nez Dmitri Chostakovitch
0%
Qui a composé cette oeuvre ? Le Nez Dmitri Chostakovitch
0%
Qui a composé cette oeuvre ? 555 sonates pour clavecin Domenico Scarlatti
0%
Qui a composé cette oeuvre ? 555 sonates pour clavecin Domenico Scarlatti
0%
Qui a composé cette oeuvre ? 555 sonates pour clavecin Domenico Scarlatti
0%
Qui a composé cette oeuvre ? 555 sonates pour clavecin Domenico Scarlatti
0%
Qui a composé cette oeuvre ? Suite "Du Temps de Holberg" Edvard Grieg
0%
Qui a composé cette oeuvre ? Suite "Du Temps de Holberg" Edvard Grieg
0%
Qui a composé cette oeuvre ? Marches "Pomp and Circumstance" Edward Elgar
0%
Qui a composé cette oeuvre ? Marches "Pomp and Circumstance" Edward Elgar
0%
Qui a composé cette oeuvre ? 6 Gnossiennes Erik Satie
0%
Qui a composé cette oeuvre ? 3 Gymnopédies Erik Satie
0%
Qui a composé cette oeuvre ? 3 Gymnopédies Erik Satie
0%
Qui a composé cette oeuvre ? Ouverture "Les Hébrides" Felix Mendelssohn
0%
Qui a composé cette oeuvre ? Romances sans paroles Felix Mendelssohn
0%
Qui a composé cette oeuvre ? Ouverture "Les Hébrides" Felix Mendelssohn
0%
Qui a composé cette oeuvre ? Romances sans paroles Felix Mendelssohn
0%
Qui a composé cette oeuvre ? Dialogues des carmélites Francis Poulenc
0%
Qui a composé cette oeuvre ? Dialogues des carmélites Francis Poulenc
0%
Qui a composé cette oeuvre ? Les Barricades mystérieuses François Couperin
0%
Qui a composé cette oeuvre ? La Veuve joyeuse Franz Lehár
0%
Qui a composé cette oeuvre ? La Veuve joyeuse Franz Lehár
0%
Qui a composé cette oeuvre ? La Veuve joyeuse Franz Lehár
0%
Qui a composé cette oeuvre ? 12 études d'exécution transcendante Franz Liszt
0%
Qui a composé cette oeuvre ? Mephisto-Valses Franz Liszt
0%
Qui a composé cette oeuvre ? 12 études d'exécution transcendante Franz Liszt
0%
Qui a composé cette oeuvre ? Mephisto-Valses Franz Liszt
0%
Qui a composé cette oeuvre ? Rhapsodies hongroises Franz Liszt
0%
Qui a composé cette oeuvre ? Rhapsodies hongroises Franz Liszt
0%
Qui a composé cette oeuvre ? Mephisto-Valses Franz Liszt
0%
Qui a composé cette oeuvre ? Le Voyage d'hiver Franz Schubert
0%
Qui a composé cette oeuvre ? Quatuor à cordes n° 14 "La Jeune fille et la mort" Franz Schubert
0%
Qui a composé cette oeuvre ? Quatuor à cordes n° 14 "La Jeune fille et la mort" Franz Schubert
0%
Qui a composé cette oeuvre ? Quatuor à cordes n° 14 "La Jeune fille et la mort" Franz Schubert
0%
Qui a composé cette oeuvre ? Le Voyage d'hiver Franz Schubert
0%
Qui a composé cette oeuvre ? Symphonie n° 8 "inachevée" Franz Schubert
0%
Qui a composé cette oeuvre ? Symphonie n° 8 "inachevée" Franz Schubert
0%
Qui a composé cette oeuvre ? Quatuor à cordes n° 14 "La Jeune fille et la mort" Franz Schubert
0%
Qui a composé cette oeuvre ? Le Voyage d'hiver Franz Schubert
0%
Qui a composé cette oeuvre ? Etude pour piano n°12 "Révolutionnaire" Frédéric Chopin
0%
Qui a composé cette oeuvre ? Valse minute, ou "du petit chien" Frédéric Chopin
0%
Qui a composé cette oeuvre ? Etude pour piano n°12 "Révolutionnaire" Frédéric Chopin
0%
Qui a composé cette oeuvre ? Valse minute, ou "du petit chien" Frédéric Chopin
0%
Qui a composé cette oeuvre ? Prélude pour piano n° 15 "La Goutte d'eau" Frédéric Chopin
0%
Qui a composé cette oeuvre ? Valse minute, ou "du petit chien" Frédéric Chopin
0%
Qui a composé cette oeuvre ? Polonaise militaire Frédéric Chopin
0%
Qui a composé cette oeuvre ? Valse minute, ou "du petit chien" Frédéric Chopin
0%
Qui a composé cette oeuvre ? Etude pour piano n°12 "Révolutionnaire" Frédéric Chopin
0%
Qui a composé cette oeuvre ? Valse minute, ou "du petit chien" Frédéric Chopin
0%
Qui a composé cette oeuvre ? Polonaise militaire Frédéric Chopin
0%
Qui a composé cette oeuvre ? Cantique de Jean Racine Gabriel Fauré
0%
Qui a composé cette oeuvre ? Cantique de Jean Racine Gabriel Fauré
0%
Qui a composé cette oeuvre ? L'Horizon chimérique Gabriel Fauré
0%
Qui a composé cette oeuvre ? L'Horizon chimérique Gabriel Fauré
0%
Qui a composé cette oeuvre ? Cantique de Jean Racine Gabriel Fauré
0%
Qui a composé cette oeuvre ? Lucia di Lammermoor Gaetano Donizetti
0%
Qui a composé cette oeuvre ? L'Élixir d'amour Gaetano Donizetti
0%
Qui a composé cette oeuvre ? Un Américain à Paris George Gershwin
0%
Qui a composé cette oeuvre ? Un Américain à Paris George Gershwin
0%
Qui a composé cette oeuvre ? Rhapsody in Blue George Gershwin
0%
Qui a composé cette oeuvre ? Un Américain à Paris George Gershwin
0%
Qui a composé cette oeuvre ? Rhapsody in Blue George Gershwin
0%
Qui a composé cette oeuvre ? L'Arlésienne Georges Bizet
0%
Qui a composé cette oeuvre ? Carmen Georges Bizet
0%
Qui a composé cette oeuvre ? Les Pêcheurs de perles Georges Bizet
0%
Qui a composé cette oeuvre ? Carmen Georges Bizet
0%
Qui a composé cette oeuvre ? Carmen Georges Bizet
0%
Qui a composé cette oeuvre ? Les Pêcheurs de perles Georges Bizet
0%
Qui a composé cette oeuvre ? Carmen Georges Bizet
0%
Qui a composé cette oeuvre ? Le Messie Georg Friedrich Haendel
0%
Qui a composé cette oeuvre ? Water Music Georg Friedrich Haendel
0%
Qui a composé cette oeuvre ? Water Music Georg Friedrich Haendel
0%
Qui a composé cette oeuvre ? Water Music Georg Friedrich Haendel
0%
Qui a composé cette oeuvre ? Tosca Giacomo Puccini
0%
Qui a composé cette oeuvre ? Madame Butterfly Giacomo Puccini
0%
Qui a composé cette oeuvre ? Madame Butterfly Giacomo Puccini
0%
Qui a composé cette oeuvre ? Tosca Giacomo Puccini
0%
Qui a composé cette oeuvre ? Turandot Giacomo Puccini
0%
Qui a composé cette oeuvre ? Le Barbier de Séville Gioachino Rossini
0%
Qui a composé cette oeuvre ? Le Barbier de Séville Gioachino Rossini
0%
Qui a composé cette oeuvre ? Le Barbier de Séville Gioachino Rossini
0%
Qui a composé cette oeuvre ? Messe du Pape Marcel Giovanni Pierluigi da Palestrina
0%
Qui a composé cette oeuvre ? Messe du Pape Marcel Giovanni Pierluigi da Palestrina
0%
Qui a composé cette oeuvre ? Messe du Pape Marcel Giovanni Pierluigi da Palestrina
0%
Qui a composé cette oeuvre ? La Traviata Giuseppe Verdi
0%
Qui a composé cette oeuvre ? Rigoletto Giuseppe Verdi
0%
Qui a composé cette oeuvre ? La Traviata Giuseppe Verdi
0%
Qui a composé cette oeuvre ? Rigoletto Giuseppe Verdi
0%
Qui a composé cette oeuvre ? La Traviata Giuseppe Verdi
0%
Qui a composé cette oeuvre ? Nabucco Giuseppe Verdi
0%
Qui a composé cette oeuvre ? Messe de Nostre Dame Guillaume de Machaut
0%
Qui a composé cette oeuvre ? Messe de Nostre Dame Guillaume de Machaut
0%
Qui a composé cette oeuvre ? Les Planètes Gustav Holst
0%
Qui a composé cette oeuvre ? Les Planètes Gustav Holst
0%
Qui a composé cette oeuvre ? Le Chant de la Terre Gustav Mahler
0%
Qui a composé cette oeuvre ? Symphonie n° 2 "Résurrection" Gustav Mahler
0%
Qui a composé cette oeuvre ? Symphonie n° 8 "des mille" Gustav Mahler
0%
Qui a composé cette oeuvre ? Symphonie n° 8 "des mille" Gustav Mahler
0%
Qui a composé cette oeuvre ? Symphonie n° 2 "Résurrection" Gustav Mahler
0%
Qui a composé cette oeuvre ? Symphonie fantastique Hector Berlioz
0%
Qui a composé cette oeuvre ? La Damnation de Faust Hector Berlioz
0%
Qui a composé cette oeuvre ? Symphonie fantastique Hector Berlioz
0%
Qui a composé cette oeuvre ? Symphonie fantastique Hector Berlioz
0%
Qui a composé cette oeuvre ? Bachianas brasileiras Heitor Villa-Lobos
0%
Qui a composé cette oeuvre ? Bachianas brasileiras Heitor Villa-Lobos
0%
Qui a composé cette oeuvre ? Bachianas brasileiras Heitor Villa-Lobos
0%
Qui a composé cette oeuvre ? King Arthur Henry Purcell
0%
Qui a composé cette oeuvre ? King Arthur Henry Purcell
0%
Qui a composé cette oeuvre ? Musique pour les funérailles de la reine Marie Henry Purcell
0%
Qui a composé cette oeuvre ? Musique pour les funérailles de la reine Marie Henry Purcell
0%
Qui a composé cette oeuvre ? King Arthur Henry Purcell
0%
Qui a composé cette oeuvre ? Didon et Enée Henry Purcell
0%
Qui a composé cette oeuvre ? Musique pour les funérailles de la reine Marie Henry Purcell
0%
Qui a composé cette oeuvre ? Le Sacre du printemps Igor Stravinski
0%
Qui a composé cette oeuvre ? Petrouchka Igor Stravinski
0%
Qui a composé cette oeuvre ? L'Oiseau de feu Igor Stravinski
0%
Qui a composé cette oeuvre ? L'Oiseau de feu Igor Stravinski
0%
Qui a composé cette oeuvre ? Le Sacre du printemps Igor Stravinski
0%
Qui a composé cette oeuvre ? Petrouchka Igor Stravinski
0%
Qui a composé cette oeuvre ? Asturias Isaac Albéniz
0%
Qui a composé cette oeuvre ? La Belle Hélène Jacques Offenbach
0%
Qui a composé cette oeuvre ? Les Contes d'Hoffman Jacques Offenbach
0%
Qui a composé cette oeuvre ? La Belle Hélène Jacques Offenbach
0%
Qui a composé cette oeuvre ? Orphée aux enfers Jacques Offenbach
0%
Qui a composé cette oeuvre ? La Belle Hélène Jacques Offenbach
0%
Qui a composé cette oeuvre ? Orphée aux enfers Jacques Offenbach
0%
Qui a composé cette oeuvre ? La Belle Hélène Jacques Offenbach
0%
Qui a composé cette oeuvre ? Le Bourgeois gentilhomme Jean-Baptiste Lully
0%
Qui a composé cette oeuvre ? Platée Jean-Philippe Rameau
0%
Qui a composé cette oeuvre ? Les Indes galantes Jean-Philippe Rameau
0%
Qui a composé cette oeuvre ? Hippolyte et Aricie Jean-Philippe Rameau
0%
Qui a composé cette oeuvre ? 6 concertos brandebourgeois Jean-Sébastien Bach
0%
Qui a composé cette oeuvre ? Le Clavier bien tempéré Jean-Sébastien Bach
0%
Qui a composé cette oeuvre ? La Passion selon saint Jean Jean-Sébastien Bach
0%
Qui a composé cette oeuvre ? Ich habe genug Jean-Sébastien Bach
0%
Qui a composé cette oeuvre ? Variations Goldberg Jean-Sébastien Bach
0%
Qui a composé cette oeuvre ? La Passion selon saint Jean Jean-Sébastien Bach
0%
Qui a composé cette oeuvre ? Toccata et fugue en ré mineur Jean-Sébastien Bach
0%
Qui a composé cette oeuvre ? L'Art de la fugue Jean-Sébastien Bach
0%
Qui a composé cette oeuvre ? Le Clavier bien tempéré Jean-Sébastien Bach
0%
Qui a composé cette oeuvre ? Variations Goldberg Jean-Sébastien Bach
0%
Qui a composé cette oeuvre ? 6 concertos brandebourgeois Jean-Sébastien Bach
0%
Qui a composé cette oeuvre ? La Passion selon saint Jean Jean-Sébastien Bach
0%
Qui a composé cette oeuvre ? Ich habe genug Jean-Sébastien Bach
0%
Qui a composé cette oeuvre ? Finlandia Jean Sibelius
0%
Qui a composé cette oeuvre ? Le Cygne de Tuonela Jean Sibelius
0%
Qui a composé cette oeuvre ? Finlandia Jean Sibelius
0%
Qui a composé cette oeuvre ? Finlandia Jean Sibelius
0%
Qui a composé cette oeuvre ? Le Cygne de Tuonela Jean Sibelius
0%
Qui a composé cette oeuvre ? Le Cygne de Tuonela Jean Sibelius
0%
Qui a composé cette oeuvre ? Finlandia Jean Sibelius
0%
Qui a composé cette oeuvre ? Concerto d'Aranjuez Joaquín Rodrigo
0%
Qui a composé cette oeuvre ? Concerto d'Aranjuez Joaquín Rodrigo
0%
Qui a composé cette oeuvre ? Concerto d'Aranjuez Joaquín Rodrigo
0%
Qui a composé cette oeuvre ? Concerto d'Aranjuez Joaquín Rodrigo
0%
Qui a composé cette oeuvre ? Un Requiem allemand Johannes Brahms
0%
Qui a composé cette oeuvre ? Danses hongroises Johannes Brahms
0%
Qui a composé cette oeuvre ? Un Requiem allemand Johannes Brahms
0%
Qui a composé cette oeuvre ? Danses hongroises Johannes Brahms
0%
Qui a composé cette oeuvre ? Canon en ré majeur Johann Pachelbel
0%
Qui a composé cette oeuvre ? La Chauve-Souris Johann Strauss (fils)
0%
Qui a composé cette oeuvre ? Tritsch-Tratsch-Polka Johann Strauss (fils)
0%
Qui a composé cette oeuvre ? Tritsch-Tratsch-Polka Johann Strauss (fils)
0%
Qui a composé cette oeuvre ? Le Beau Danube bleu Johann Strauss (fils)
0%
Qui a composé cette oeuvre ? Tritsch-Tratsch-Polka Johann Strauss (fils)
0%
Qui a composé cette oeuvre ? Tritsch-Tratsch-Polka Johann Strauss (fils)
0%
Qui a composé cette oeuvre ? Marche de Radetzky Johann Strauss (père)
0%
Qui a composé cette oeuvre ? 4'33'' John Cage
0%
Qui a composé cette oeuvre ? 4'33'' John Cage
0%
Qui a composé cette oeuvre ? La Création Joseph Haydn
0%
Qui a composé cette oeuvre ? Symphonie nº 45 "Les Adieux" Joseph Haydn
0%
Qui a composé cette oeuvre ? Symphonie nº 94 "La Surprise" Joseph Haydn
0%
Qui a composé cette oeuvre ? Symphonie nº 94 "La Surprise" Joseph Haydn
0%
Qui a composé cette oeuvre ? Symphonie nº 45 "Les Adieux" Joseph Haydn
0%
Qui a composé cette oeuvre ? La Création Joseph Haydn
0%
Qui a composé cette oeuvre ? Symphonie nº 45 "Les Adieux" Joseph Haydn
0%
Qui a composé cette oeuvre ? Symphonie nº 94 "La Surprise" Joseph Haydn
0%
Qui a composé cette oeuvre ? Symphonie n° 4 "Inextinguible" Karl Nielsen
0%
Qui a composé cette oeuvre ? L'Opéra de quat'sous Kurt Weil
0%
Qui a composé cette oeuvre ? West Side Story Leonard Bernstein
0%
Qui a composé cette oeuvre ? West Side Story Leonard Bernstein
0%
Qui a composé cette oeuvre ? West Side Story Leonard Bernstein
0%
Qui a composé cette oeuvre ? Taras Bulba Leoš Janáček
0%
Qui a composé cette oeuvre ? La Petite renarde rusée Leoš Janáček
0%
Qui a composé cette oeuvre ? Taras Bulba Leoš Janáček
0%
Qui a composé cette oeuvre ? La Petite renarde rusée Leoš Janáček
0%
Qui a composé cette oeuvre ? Symphonie n° 3 "Eroica" Ludwig van Beethoven
0%
Qui a composé cette oeuvre ? Fidelio Ludwig van Beethoven
0%
Qui a composé cette oeuvre ? La Lettre à Elise Ludwig van Beethoven
0%
Qui a composé cette oeuvre ? Sonate pour violon et piano no 9 "à Kreutzer" Ludwig van Beethoven
0%
Qui a composé cette oeuvre ? Symphonie n° 9 "Ode à la joie" Ludwig van Beethoven
0%
Qui a composé cette oeuvre ? Sonate pour violon et piano no 9 "à Kreutzer" Ludwig van Beethoven
0%
Qui a composé cette oeuvre ? Symphonie n° 3 "Eroica" Ludwig van Beethoven
0%
Qui a composé cette oeuvre ? Concerto pour piano n° 5 "Empereur" Ludwig van Beethoven
0%
Qui a composé cette oeuvre ? Symphonie n° 6 "Pastorale" Ludwig van Beethoven
0%
Qui a composé cette oeuvre ? Symphonie n° 3 "Eroica" Ludwig van Beethoven
0%
Qui a composé cette oeuvre ? Concerto pour piano n° 5 "Empereur" Ludwig van Beethoven
0%
Qui a composé cette oeuvre ? Symphonie n° 9 "Ode à la joie" Ludwig van Beethoven
0%
Qui a composé cette oeuvre ? Sonate pour violon et piano no 9 "à Kreutzer" Ludwig van Beethoven
0%
Qui a composé cette oeuvre ? Symphonie n° 9 "Ode à la joie" Ludwig van Beethoven
0%
Qui a composé cette oeuvre ? La Vie brève Manuel de Falla
0%
Qui a composé cette oeuvre ? Nuits dans les jardins d'Espagne Manuel de Falla
0%
Qui a composé cette oeuvre ? L'Amour sorcier Manuel de Falla
0%
Qui a composé cette oeuvre ? L'Amour sorcier Manuel de Falla
0%
Qui a composé cette oeuvre ? Daphnis et Chloé Maurice Ravel
0%
Qui a composé cette oeuvre ? Daphnis et Chloé Maurice Ravel
0%
Qui a composé cette oeuvre ? Daphnis et Chloé Maurice Ravel
0%
Qui a composé cette oeuvre ? Concerto pour la main gauche Maurice Ravel
0%
Qui a composé cette oeuvre ? Concerto pour la main gauche Maurice Ravel
0%
Qui a composé cette oeuvre ? Daphnis et Chloé Maurice Ravel
0%
Qui a composé cette oeuvre ? Boléro Maurice Ravel
0%
Qui a composé cette oeuvre ? Daphnis et Chloé Maurice Ravel
0%
Qui a composé cette oeuvre ? Une nuit sur le mont Chauve Modeste Moussorgski
0%
Qui a composé cette oeuvre ? Boris Godounov Modeste Moussorgski
0%
Qui a composé cette oeuvre ? Une nuit sur le mont Chauve Modeste Moussorgski
0%
Qui a composé cette oeuvre ? Une nuit sur le mont Chauve Modeste Moussorgski
0%
Qui a composé cette oeuvre ? Boris Godounov Modeste Moussorgski
0%
Qui a composé cette oeuvre ? Une nuit sur le mont Chauve Modeste Moussorgski
0%
Qui a composé cette oeuvre ? Tableaux d'une exposition Modeste Moussorgski
0%
Qui a composé cette oeuvre ? 24 caprices pour violon Niccolò Paganini
0%
Qui a composé cette oeuvre ? 24 caprices pour violon Niccolò Paganini
0%
Qui a composé cette oeuvre ? 24 caprices pour violon Niccolò Paganini
0%
Qui a composé cette oeuvre ? Schéhérazade Nikolaï Rimski-Korsakov
0%
Qui a composé cette oeuvre ? Le Vol du bourdon Nikolaï Rimski-Korsakov
0%
Qui a composé cette oeuvre ? Schéhérazade Nikolaï Rimski-Korsakov
0%
Qui a composé cette oeuvre ? Le Vol du bourdon Nikolaï Rimski-Korsakov
0%
Qui a composé cette oeuvre ? Le Vol du bourdon Nikolaï Rimski-Korsakov
0%
Qui a composé cette oeuvre ? Schéhérazade Nikolaï Rimski-Korsakov
0%
Qui a composé cette oeuvre ? Turangalîla-Symphonie Olivier Messiaen
0%
Qui a composé cette oeuvre ? 20 regards sur l'Enfant Jésus Olivier Messiaen
0%
Qui a composé cette oeuvre ? Les fontaines de Rome Ottorino Respighi
0%
Qui a composé cette oeuvre ? L'apprenti Sorcier Paul Dukas
0%
Qui a composé cette oeuvre ? L'apprenti Sorcier Paul Dukas
0%
Qui a composé cette oeuvre ? L'apprenti Sorcier Paul Dukas
0%
Qui a composé cette oeuvre ? L'apprenti Sorcier Paul Dukas
0%
Qui a composé cette oeuvre ? Le Marteau sans maître Pierre Boulez
0%
Qui a composé cette oeuvre ? Ouverture "1812" Piotr Tchaïkovski
0%
Qui a composé cette oeuvre ? Le Lac des cygnes Piotr Tchaïkovski
0%
Qui a composé cette oeuvre ? Le Lac des cygnes Piotr Tchaïkovski
0%
Qui a composé cette oeuvre ? Symphonie n° 6 "Pathétique" Piotr Tchaïkovski
0%
Qui a composé cette oeuvre ? Le Lac des cygnes Piotr Tchaïkovski
0%
Qui a composé cette oeuvre ? Symphonie n° 6 "Pathétique" Piotr Tchaïkovski
0%
Qui a composé cette oeuvre ? Eugène Onéguine Piotr Tchaïkovski
0%
Qui a composé cette oeuvre ? Ouverture "1812" Piotr Tchaïkovski
0%
Qui a composé cette oeuvre ? Casse-Noisette Piotr Tchaïkovski
0%
Qui a composé cette oeuvre ? L'Envol de l'alouette Ralph Vaughan Williams
0%
Qui a composé cette oeuvre ? L'Envol de l'alouette Ralph Vaughan Williams
0%
Qui a composé cette oeuvre ? Ainsi parlait Zarathoustra Richard Strauss
0%
Qui a composé cette oeuvre ? Le Chevalier à la rose Richard Strauss
0%
Qui a composé cette oeuvre ? Electra Richard Strauss
0%
Qui a composé cette oeuvre ? Till l'Espiègle Richard Strauss
0%
Qui a composé cette oeuvre ? Ainsi parlait Zarathoustra Richard Strauss
0%
Qui a composé cette oeuvre ? Electra Richard Strauss
0%
Qui a composé cette oeuvre ? Ainsi parlait Zarathoustra Richard Strauss
0%
Qui a composé cette oeuvre ? Till l'Espiègle Richard Strauss
0%
Qui a composé cette oeuvre ? Le Crépuscule des Dieux Richard Wagner
0%
Qui a composé cette oeuvre ? Siegfried-Idyll Richard Wagner
0%
Qui a composé cette oeuvre ? La Walkyrie Richard Wagner
0%
Qui a composé cette oeuvre ? Tristan et Isolde Richard Wagner
0%
Qui a composé cette oeuvre ? Le Crépuscule des Dieux Richard Wagner
0%
Qui a composé cette oeuvre ? Le Crépuscule des Dieux Richard Wagner
0%
Qui a composé cette oeuvre ? Tristan et Isolde Richard Wagner
0%
Qui a composé cette oeuvre ? Tannhauser Richard Wagner
0%
Qui a composé cette oeuvre ? Siegfried-Idyll Richard Wagner
0%
Qui a composé cette oeuvre ? Tristan et Isolde Richard Wagner
0%
Qui a composé cette oeuvre ? Tristan et Isolde Richard Wagner
0%
Qui a composé cette oeuvre ? Tannhauser Richard Wagner
0%
Qui a composé cette oeuvre ? Le Crépuscule des Dieux Richard Wagner
0%
Qui a composé cette oeuvre ? Tristan et Isolde Richard Wagner
0%
Qui a composé cette oeuvre ? Tannhauser Richard Wagner
0%
Qui a composé cette oeuvre ? Kreisleriana Robert Schumann
0%
Qui a composé cette oeuvre ? Symphonie n° 3 "Rhénane" Robert Schumann
0%
Qui a composé cette oeuvre ? Kreisleriana Robert Schumann
0%
Qui a composé cette oeuvre ? Scènes de la forêt Robert Schumann
0%
Qui a composé cette oeuvre ? Kreisleriana Robert Schumann
0%
Qui a composé cette oeuvre ? Scènes de la forêt Robert Schumann
0%
Qui a composé cette oeuvre ? Symphonie n° 3 "Rhénane" Robert Schumann
0%
Qui a composé cette oeuvre ? Adagio pour cordes Samuel Barber
0%
Qui a composé cette oeuvre ? Adagio pour cordes Samuel Barber
0%
Qui a composé cette oeuvre ? Lieutenant Kijé Sergueï Prokofiev
0%
Qui a composé cette oeuvre ? Pierre et le loup Sergueï Prokofiev
0%
Qui a composé cette oeuvre ? Lieutenant Kijé Sergueï Prokofiev
0%
Qui a composé cette oeuvre ? Pierre et le loup Sergueï Prokofiev
0%
Qui a composé cette oeuvre ? Lieutenant Kijé Sergueï Prokofiev
0%
Qui a composé cette oeuvre ? Pierre et le loup Sergueï Prokofiev
0%
Qui a composé cette oeuvre ? L'Ile des morts Sergueï Rachmaninov
0%
Qui a composé cette oeuvre ? Rhapsodie sur un thème de Paganini Sergueï Rachmaninov
0%
Qui a composé cette oeuvre ? L'Ile des morts Sergueï Rachmaninov
0%
Qui a composé cette oeuvre ? Symphonie cévenole Vincent d'Indy
0%
Qui a composé cette oeuvre ? Symphonie cévenole Vincent d'Indy
0%
Qui a composé cette oeuvre ? Norma Vincenzo Bellini
0%
Qui a composé cette oeuvre ? Norma Vincenzo Bellini
0%
Qui a composé cette oeuvre ? Norma Vincenzo Bellini
0%
Qui a composé cette oeuvre ? Norma Vincenzo Bellini
0%
Qui a composé cette oeuvre ? La Flute enchantée Wolfgang Amadeus Mozart
0%
Qui a composé cette oeuvre ? Sonate pour piano n° 11 "Marche turque" Wolfgang Amadeus Mozart
0%
Qui a composé cette oeuvre ? Les Noces de Figaro Wolfgang Amadeus Mozart
0%
Qui a composé cette oeuvre ? La Flute enchantée Wolfgang Amadeus Mozart
0%
Qui a composé cette oeuvre ? Sonate pour piano n° 11 "Marche turque" Wolfgang Amadeus Mozart
0%
Qui a composé cette oeuvre ? Don Giovanni Wolfgang Amadeus Mozart
0%
Qui a composé cette oeuvre ? La Flute enchantée Wolfgang Amadeus Mozart
0%
Qui a composé cette oeuvre ? Une petite musique de nuit Wolfgang Amadeus Mozart
0%
Qui a composé cette oeuvre ? Symphonie n° 41 "Jupiter" Wolfgang Amadeus Mozart
0%
Qui a composé cette oeuvre ? Une petite musique de nuit Wolfgang Amadeus Mozart
0%
Qui a composé cette oeuvre ? Harry Janos Zoltán Kodály
0%
Qui a composé cette oeuvre ? Harry Janos Zoltán Kodály
0%
Aucun quiz correspondant
Distribution des résultats
% des personnes avec chaque résultat
Percentile par nombre de réponses
Votre historique - résultats
Vous n’avez pas pris ce quiz